High gain, circularly polarized 1 x 4 antenna array with circular Slots for wireless power transmission applications / (Record no. 615871)

000 -LEADER
fixed length control field 00828nam a22001817a 4500
003 - CONTROL NUMBER IDENTIFIER
control field NUST
005 - DATE AND TIME OF LATEST TRANSACTION
control field 20260120144702.0
082 ## - DEWEY DECIMAL CLASSIFICATION NUMBER
Classification number 621.382,JAM
100 ## - MAIN ENTRY--PERSONAL NAME
Personal name Jamil, Azmat
9 (RLIN) 132844
245 ## - TITLE STATEMENT
Title High gain, circularly polarized 1 x 4 antenna array with circular Slots for wireless power transmission applications /
Statement of responsibility, etc. Azmat Jamil. Muhammad Zeeshan, Hassan Khurshid and Abdus Salam (BETE-51)
260 ## - PUBLICATION, DISTRIBUTION, ETC.
Place of publication, distribution, etc. Rawalpindi
Name of publisher, distributor, etc. MCS (NUST)
Date of publication, distribution, etc. July, 2018
300 ## - PHYSICAL DESCRIPTION
Extent x, 33p.;
505 ## - FORMATTED CONTENTS NOTE
Formatted contents note Introduction (Page-1), Antennas Fundamental Properties (Page-6), Background Study (Page-10), What is Polarization?(Page-12), Design Selection (Page-16), Further Research (Page-31), Bibliography (Page-32).
650 ## - SUBJECT ADDED ENTRY--TOPICAL TERM
Topical term or geographic name entry element UG Project
9 (RLIN) 131132
651 ## - SUBJECT ADDED ENTRY--GEOGRAPHIC NAME
Geographic name BETE-51
9 (RLIN) 132836
700 ## - ADDED ENTRY--PERSONAL NAME
Personal name Supervised by Dr. Farooq Ahmad Bhatti.
9 (RLIN) 132845
942 ## - ADDED ENTRY ELEMENTS (KOHA)
Source of classification or shelving scheme
Koha item type Project Report
Holdings
Withdrawn status Lost status Source of classification or shelving scheme Damaged status Not for loan Permanent Location Current Location Shelving location Date acquired Total Checkouts Full call number Barcode Date last seen Price effective from Koha item type Public note
          Military College of Signals (MCS) Military College of Signals (MCS) Reference 01/20/2026   621.382,JAM MCSPTE-278 01/20/2026 01/20/2026 Project Report Almirah No.90, Shelf No.4
© 2023 Central Library, National University of Sciences and Technology. All Rights Reserved.